Поделочные камни и их обработка: раскройте красоту камня

Dettagli Bibliografici
Autore principale: Никитин Ю. В. Юрий Владимирович
Lingua:russo
Pubblicazione: Ленинград, Наука, 1979
Soggetti:
Natura: MixedMaterials Libro
KOHA link:https://koha.lib.tpu.ru/cgi-bin/koha/opac-detail.pl?biblionumber=120594

MARC

LEADER 00000nam0a2200000 4500
001 120594
005 20231101215624.0
035 |a (RuTPU)RU\TPU\book\130584 
090 |a 120594 
100 |a 20070901d1979 m y0rusy50 ca 
101 0 |a rus 
102 |a RU 
105 |a y z 001zy 
200 1 |a Поделочные камни и их обработка  |e раскройте красоту камня  |f Ю. В. Никитин 
210 |a Ленинград  |c Наука  |d 1979 
215 |a 86 с.  |c ил. 
320 |a Библиогр.: с. 81-82. 
606 1 |a Поделочные камни  |x Минералогия  |2 stltpush  |3 (RuTPU)RU\TPU\subj\72259  |9 85824 
610 1 |a обработка 
610 1 |a самоцветы 
610 1 |a классификация 
610 1 |a станки 
610 1 |a поделки 
675 |a 549.091  |v 3 
675 |a 679.87  |v 3 
700 1 |a Никитин  |b Ю. В.  |g Юрий Владимирович 
801 1 |a RU  |b 63413507  |c 20070901  |g PSBO 
801 2 |a RU  |b 63413507  |c 20130403  |g PSBO 
942 |c BK